| 000 | 00563nam a2200145Ia 4500 | ||
|---|---|---|---|
| 008 | 191108s9999 xx 000 0 und d | ||
| 020 | _a978-971-27-2112-0 | ||
| 100 | _aPoblador, Niceto S. | ||
| 245 |
_cNiceto Poblador.-- _aGlobal business leaders show the way: _bResponding to emergent global challenges / |
||
| 260 |
_aPasig City : _bManagement Association of the Philippines _c2008 |
||
| 300 | _a160 pages : | ||
| 500 | _aIncludes appendix. | ||
| 650 | _aIndustries--Social aspects--Philippines. | ||
| 650 | _aSocial responsibilities of business--Philippines | ||
| 999 |
_c362495 _d362495 |
||